| 000 | 00753nam a22002537a 4500 | ||
|---|---|---|---|
| 005 | 20170124110147.0 | ||
| 010 | _a587939 | ||
| 020 | _c12.00 | ||
| 035 | _a587939 | ||
| 037 | _bCen Lib/Ret | ||
| 040 |
_aDPL _bEN |
||
| 082 |
_a633 _bWOR |
||
| 100 |
_aWork, Paul _933671 |
||
| 245 |
_aVegetable production and marketing / _cby Paul Work [and] John Carew |
||
| 250 | _a2nd ed | ||
| 260 |
_aNew Delhi _bWiley Eastern _c1955 |
||
| 270 |
_aJ 41 South Extension 1 _bNew Delhi _e110049 |
||
| 300 |
_aviii,537p. : _c21cm(Hb) _bill. |
||
| 500 | _aIncludes index | ||
| 650 |
_aVegetable gardening -- United States _933672 |
||
| 650 |
_aFarm produce -- Marketing _933673 |
||
| 700 |
_aCarew, John _933674 |
||
| 942 |
_2ddc _cEN _h633 _mWOR |
||
| 999 |
_c132089 _d132089 |
||